| 000 | 00430nam a22001577a 4500 | ||
|---|---|---|---|
| 003 | macl | ||
| 005 | 20221207120130.0 | ||
| 008 | 221207b |||||||| |||| 00| 0 eng d | ||
| 040 | _cmacl | ||
| 082 | _a900 | ||
| 100 |
_aदृष्टि The vision _981593 |
||
| 245 | _aविश्व इतिहास Notes [22] 2020 | ||
| 260 |
_bदृष्टि The vision _c2020 |
||
| 650 | _aइतिहास | ||
| 942 |
_2ddc _cHIN |
||
| 999 |
_c65712 _d65712 |
||